Description of flags - Statistics

General Stats
  • This quiz has been taken 13 times
  • The average score is 16 of 20
Answer Stats
Hint Answer % Correct
Maple Leaf Canada
100%
50 stars for 50 states USA
100%
White background with this country's shape in the middle surrounded by a thorn crown Cyprus
92%
Vertical tricolour green, white, orange. Ireland
92%
Star of David Israel
92%
Eagle on a cactus eating a worm Mexico
92%
Red on white, the smaller one. Monaco
92%
Horizontal tricolour, red, then on top blue, and In the middle white Netherlands
92%
Switch the colours on the previous flag Poland
92%
Romanian flag Romania
92%
Free break: Russia Russia
92%
England+Scotland+Ireland UK
92%
Romanian flag but darker Chad
77%
Previous flag pushed over France
77%
Ordem e progresso Brazil
62%
English flag, with more crosses in the white Georgia
62%
Romanian flag with an emblem Moldova
62%
Russian flag upside-down with a coat of arms Serbia
62%
Bird under Sun Kazakhstan
54%
Horizontal Tricolour but with four layers. A Quadrucolour? Mauritius
54%
No matching quizzes found
Score Distribution
Percent of People with Each Score
Percentile by Number Answered
Your Score History
You have not taken this quiz